000 00646nam a2200241Ia 4500
001 dia_4330
003 CHAP
005 20251014155054.0
008 220117s2000 xx 000 0 und d
010 _a174965
040 _amxchpua
_erda
090 _aFOLLETO 2856
100 _aBanco nacional de comercio exterior
_9155517
245 _aHong Kong perfil de aceites /
_c BANCOMEXT
260 _aMéxico :
_b BANCOMEXT,
_c2000
300 _a12 p.
500 _aC/e
650 _aAceite
_9143275
901 _aFOLLETO 2856
902 _aM
905 _a0000002000 mx 0000000000spa00
942 _cFOLL
_2local
999 _c174965
_d174965